[Event "41. Open Ciutat de Badalona 2015 - C"]
[Site "Badalona ESP"]
[Date "2015.08.06"]
[Round "5.5"]
[White "Beltran Vidal, Daniel"]
[Black "Maza Navarro, Llorens"]
[Result "1-0"]
[WhiteElo "1863"]
[BlackElo "1799"]
[PlyCount "93"]
[EventDate "2015.08.02"]
[EventType "swiss"]
[EventRounds "9"]
[EventCountry "ESP"]
[SourceTitle "Ajedrez en Madrid"]
[Source "lmi"]
[SourceDate "2015.08.02"]
[SourceVersion "1"]
[SourceVersionDate "2018.07.18"]
[SourceQuality "1"]

1. Nf3 Nf6 2. d4 e6 3. c4 d5 4. Nbd2 Nbd7 5. g3 c5 6. Bg2 cxd4 7. Nxd4 Qb6 8.
e3 Nc5 9. O-O Be7 10. cxd5 exd5 11. h3 O-O 12. b3 Nd3 13. N2f3 Nxc1 14. Qxc1
Bd7 15. Ne5 Be6 16. Qb2 Rac8 17. Rac1 Bc5 18. Rfd1 Qd6 19. Nb5 Qe7 20. Qe2 a6
21. Nd4 Ba3 22. Rxc8 Rxc8 23. Nd3 Qd7 24. Nxe6 Qxe6 25. Nf4 Qf5 26. Nxd5 Nxd5
27. Rxd5 Rc1+ 28. Kh2 Qc2 29. Rd2 Qc7 30. Qg4 Qa5 31. Qd4 Be7 32. Bxb7 Bf6 33.
Qd5 Rc5 34. Qd7 g6 35. Rd5 Qc7 36. Qxc7 Rxc7 37. Bxa6 Rc2 38. Kg2 Rxa2 39. Bc4
Be7 40. Rb5 Kf8 41. Rb8+ Kg7 42. Kf3 f5 43. h4 h6 44. Rb5 Bf6 45. Rb7+ Kh8 46.
b4 Bc3 47. Bxa2 1-0

[Event "41. Open Ciutat de Badalona 2015 - C"]
[Site "Badalona ESP"]
[Date "2015.08.06"]
[Round "5.6"]
[White "Serentill Tost, Eduard"]
[Black "Cassi de la Viuda, Àlex"]
[Result "1/2-1/2"]
[WhiteElo "1857"]
[BlackElo "1748"]
[PlyCount "104"]
[EventDate "2015.08.02"]
[EventType "swiss"]
[EventRounds "9"]
[EventCountry "ESP"]
[SourceTitle "Ajedrez en Madrid"]
[Source "lmi"]
[SourceDate "2015.08.02"]
[SourceVersion "1"]
[SourceVersionDate "2018.07.18"]
[SourceQuality "1"]

1. e4 c5 2. Nf3 a6 3. d4 cxd4 4. Nxd4 e5 5. Nf3 Nf6 6. Nc3 Bb4 7. Nxe5 Qa5 8.
Qd4 Bxc3+ 9. Qxc3 Qxc3+ 10. bxc3 Nxe4 11. Bb2 O-O 12. f3 Nf6 13. Bc4 d5 14. Bd3
Re8 15. c4 Nfd7 16. O-O Nxe5 17. Rfe1 dxc4 18. Bxc4 Nbc6 19. f4 Be6 20. Bxe6
Rxe6 21. fxe5 Rae8 22. Rad1 f6 23. Rd7 b5 24. Bc3 Nxe5 25. Bxe5 Rxe5 26. Rxe5
fxe5 27. Kf2 e4 28. Rd6 Rc8 29. Rd2 Rc3 30. Ke2 Kf7 31. g4 Kg6 32. Rd6+ Kg5 33.
Rxa6 Rxc2+ 34. Ke3 Rxh2 35. Rb6 Rxa2 36. Rxb5+ Kxg4 37. Rb7 g5 38. Rxh7 Ra4 39.
Rf7 Kh5 40. Rh7+ Kg6 41. Re7 Kf5 42. Rf7+ Ke6 43. Rf8 g4 44. Rf4 Ke5 45. Rxg4
Ra3+ 46. Ke2 Kd4 47. Rg8 Ra5 48. Rd8+ Rd5 49. Rc8 Re5 50. Rd8+ Rd5 51. Rc8 Ke5
52. Re8+ Kf5 1/2-1/2

[Event "41. Open Ciutat de Badalona 2015 - C"]
[Site "Badalona ESP"]
[Date "2015.08.06"]
[Round "5.7"]
[White "Ylla Soro, Rafael"]
[Black "Ibañez Camara, Oscar"]
[Result "0-1"]
[WhiteElo "1819"]
[BlackElo "1840"]
[PlyCount "69"]
[EventDate "2015.08.02"]
[EventType "swiss"]
[EventRounds "9"]
[EventCountry "ESP"]
[SourceTitle "Ajedrez en Madrid"]
[Source "lmi"]
[SourceDate "2015.08.02"]
[SourceVersion "1"]
[SourceVersionDate "2018.07.18"]
[SourceQuality "1"]

1. e4 c5 2. Nc3 Nc6 3. g3 Nf6 4. Bg2 e6 5. Nge2 d5 6. exd5 exd5 7. d4 cxd4 8.
Nxd4 Bc5 9. Qe2+ Be7 10. Nb3 O-O 11. O-O Re8 12. Qd1 Be6 13. Bg5 d4 14. Bxc6
bxc6 15. Nxd4 Bd7 16. Nde2 Rb8 17. Rb1 h6 18. Be3 Qa5 19. a3 Bh3 20. Re1 Red8
21. Qc1 Qf5 22. f4 Qg4 23. Rf1 Bxf1 24. Qxf1 Rd7 25. Bxa7 Rxa7 26. Nd4 Bc5 27.
Qc4 Bxd4+ 28. Qxd4 Rd7 29. Qc5 Rd2 30. Qxc6 Rbd8 31. a4 Nd5 32. Ne4 Rd1+ 33.
Rxd1 Qxd1+ 34. Kf2 Qd4+ 35. Kf1 0-1

[Event "41. Open Ciutat de Badalona 2015 - C"]
[Site "Badalona ESP"]
[Date "2015.08.06"]
[Round "5.8"]
[White "Ramon Herraez, Alex"]
[Black "Khudov, Oleksandr"]
[Result "1-0"]
[WhiteElo "1830"]
[BlackElo "1602"]
[PlyCount "53"]
[EventDate "2015.08.02"]
[EventType "swiss"]
[EventRounds "9"]
[EventCountry "ESP"]
[SourceTitle "Ajedrez en Madrid"]
[Source "lmi"]
[SourceDate "2015.08.02"]
[SourceVersion "1"]
[SourceVersionDate "2018.07.18"]
[SourceQuality "1"]

1. d4 d5 2. Nf3 e6 3. Bf4 f5 4. e3 Nf6 5. h3 Bd6 6. Bxd6 cxd6 7. c3 O-O 8. Be2
Nc6 9. O-O Bd7 10. Nbd2 Qe7 11. Rc1 Rfc8 12. c4 dxc4 13. Nxc4 b5 14. Ncd2 a6
15. Nb3 Nb4 16. a3 Nbd5 17. Qd3 Nb6 18. Rfd1 Nc4 19. Qb1 Bc6 20. Bxc4 Bxf3 21.
Bxe6+ Qxe6 22. gxf3 Qxb3 23. Qxf5 Rxc1 24. Rxc1 Qxb2 25. Rc7 Qxa3 26. Qg5 Ne8
27. Qd5+ 1-0

[Event "41. Open Ciutat de Badalona 2015 - C"]
[Site "Badalona ESP"]
[Date "2015.08.06"]
[Round "5.9"]
[White "Bosch Ricart, Joan"]
[Black "Vela Valverde, Sergi"]
[Result "0-1"]
[WhiteElo "1876"]
[BlackElo "1771"]
[PlyCount "62"]
[EventDate "2015.08.02"]
[EventType "swiss"]
[EventRounds "9"]
[EventCountry "ESP"]
[SourceTitle "Ajedrez en Madrid"]
[Source "lmi"]
[SourceDate "2015.08.02"]
[SourceVersion "1"]
[SourceVersionDate "2018.07.18"]
[SourceQuality "1"]

1. e4 c5 2. Nf3 Nc6 3. d4 cxd4 4. Nxd4 Nf6 5. Nc3 a6 6. Be2 e5 7. Nf3 Bb4 8.
Bg5 Qa5 9. Bxf6 Bxc3+ 10. bxc3 Qxc3+ 11. Nd2 gxf6 12. O-O Nd4 13. Bd3 d6 14.
Re1 h5 15. Re3 Qc7 16. Nb3 Ne6 17. g3 h4 18. Qd2 hxg3 19. fxg3 Ng5 20. Bf1 Ke7
21. Qf2 Bh3 22. Bg2 Rh7 23. Rf1 Rh6 24. Re2 Rah8 25. Qe3 Bg4 26. Ref2 Bh3 27.
Qxg5 fxg5 28. Rxf7+ Kd8 29. Rxc7 Kxc7 30. Rf2 Bxg2 31. Rxg2 g4 0-1

[Event "41. Open Ciutat de Badalona 2015 - C"]
[Site "Badalona ESP"]
[Date "2015.08.06"]
[Round "5.10"]
[White "Vegara Gallego, Pere"]
[Black "Cespedes, Cristofer Adrian"]
[Result "1/2-1/2"]
[WhiteElo "1873"]
[BlackElo "1705"]
[PlyCount "50"]
[EventDate "2015.08.02"]
[EventType "swiss"]
[EventRounds "9"]
[EventCountry "ESP"]
[SourceTitle "Ajedrez en Madrid"]
[Source "lmi"]
[SourceDate "2015.08.02"]
[SourceVersion "1"]
[SourceVersionDate "2018.07.18"]
[SourceQuality "1"]

1. e4 c5 2. Bc4 Nc6 3. Nc3 g6 4. Nf3 Bg7 5. O-O e6 6. a3 Nge7 7. Re1 O-O 8. Be2
d5 9. d3 h6 10. Bf4 b6 11. Rb1 Bb7 12. Bf1 d4 13. Ne2 a5 14. g3 f5 15. Nc1 e5
16. Bd2 f4 17. c3 g5 18. cxd4 cxd4 19. b4 axb4 20. a4 Ng6 21. Bxb4 Nxb4 22.
Rxb4 Kh8 23. Qb3 fxg3 24. hxg3 Rxf3 25. Rxb6 Rb8 1/2-1/2

[Event "41. Open Ciutat de Badalona 2015 - C"]
[Site "Badalona ESP"]
[Date "2015.08.07"]
[Round "6.1"]
[White "Robla Carreiras, Xavier"]
[Black "Clanchet Olle, Josep"]
[Result "0-1"]
[WhiteElo "1829"]
[BlackElo "1890"]
[PlyCount "28"]
[EventDate "2015.08.02"]
[EventType "swiss"]
[EventRounds "9"]
[EventCountry "ESP"]
[SourceTitle "Ajedrez en Madrid"]
[Source "lmi"]
[SourceDate "2015.08.02"]
[SourceVersion "1"]
[SourceVersionDate "2018.07.18"]
[SourceQuality "1"]

1. e4 e5 2. Nc3 Nf6 3. Bc4 Bc5 4. d3 d6 5. f4 Bg4 6. Nf3 Nc6 7. h3 Bxf3 8. gxf3
Nh5 9. Nd5 Qh4+ 10. Kd2 Nd4 11. Kc3 Ng3 12. Rh2 O-O 13. Be3 c6 14. Ne7+ Qxe7
0-1

[Event "41. Open Ciutat de Badalona 2015 - C"]
[Site "Badalona ESP"]
[Date "2015.08.07"]
[Round "6.2"]
[White "Romero Funieles, Rafael de Jesus"]
[Black "Beltran Vidal, Daniel"]
[Result "1/2-1/2"]
[WhiteElo "1885"]
[BlackElo "1863"]
[PlyCount "79"]
[EventDate "2015.08.02"]
[EventType "swiss"]
[EventRounds "9"]
[EventCountry "ESP"]
[SourceTitle "Ajedrez en Madrid"]
[Source "lmi"]
[SourceDate "2015.08.02"]
[SourceVersion "1"]
[SourceVersionDate "2018.07.18"]
[SourceQuality "1"]

1. e4 e5 2. Nf3 Nc6 3. c3 Nf6 4. d3 d6 5. h3 Bd7 6. Be2 h6 7. Be3 d5 8. exd5
Nxd5 9. Bc1 Bd6 10. a3 Qf6 11. c4 Nf4 12. Bxf4 Qxf4 13. Nc3 Ne7 14. Ne4 b6 15.
Qc2 Bc5 16. b4 Bd4 17. Nxd4 exd4 18. Bf3 Rd8 19. O-O Bxh3 20. Rfe1 Be6 21. Ng3
O-O 22. Re4 Qg5 23. Rae1 Ng6 24. Bd1 Bf5 25. Nxf5 Qxf5 26. g3 Rd6 27. Bg4 Qf6
28. Qa4 Qd8 29. Qxa7 f5 30. Bxf5 Qf6 31. g4 h5 32. Re6 Qg5 33. Re8 Rdf6 34.
Rxf8+ Rxf8 35. Be6+ Kh8 36. Qxc7 Nf4 37. Qe5 Qh4 38. Rf1 Nh3+ 39. Kg2 Nf4+ 40.
Kg1 1/2-1/2

[Event "41. Open Ciutat de Badalona 2015 - C"]
[Site "Badalona ESP"]
[Date "2015.08.07"]
[Round "6.3"]
[White "Rossi, Pascal"]
[Black "Ramon Herraez, Alex"]
[Result "1-0"]
[WhiteElo "1775"]
[BlackElo "1830"]
[PlyCount "45"]
[EventDate "2015.08.02"]
[EventType "swiss"]
[EventRounds "9"]
[EventCountry "ESP"]
[SourceTitle "Ajedrez en Madrid"]
[Source "lmi"]
[SourceDate "2015.08.02"]
[SourceVersion "1"]
[SourceVersionDate "2018.07.18"]
[SourceQuality "1"]

1. d4 e5 2. d5 d6 3. e4 Nf6 4. Nc3 Be7 5. f3 O-O 6. Be3 Nbd7 7. g4 Nb6 8. Qd2
Bd7 9. O-O-O a5 10. h4 Na4 11. Nxa4 Bxa4 12. h5 Bd7 13. g5 Ne8 14. Ne2 b5 15.
Ng3 Qb8 16. Nf5 Bd8 17. Qg2 b4 18. g6 Bxf5 19. exf5 a4 20. h6 b3 21. gxh7+ Kxh7
22. hxg7+ Kg8 23. Rh8# 1-0

[Event "41. Open Ciutat de Badalona 2015 - C"]
[Site "Badalona ESP"]
[Date "2015.08.07"]
[Round "6.4"]
[White "Ibañez Camara, Oscar"]
[Black "Navines Monfa, Josep"]
[Result "1-0"]
[WhiteElo "1840"]
[BlackElo "1874"]
[PlyCount "52"]
[EventDate "2015.08.02"]
[EventType "swiss"]
[EventRounds "9"]
[EventCountry "ESP"]
[SourceTitle "Ajedrez en Madrid"]
[Source "lmi"]
[SourceDate "2015.08.02"]
[SourceVersion "1"]
[SourceVersionDate "2018.07.18"]
[SourceQuality "1"]

1. e4 e5 2. Nf3 Nc6 3. Bb5 d6 4. d4 exd4 5. Nxd4 Bd7 6. Nc3 a6 7. Ba4 Nf6 8. a3
Be7 9. O-O O-O 10. Nf5 Ne5 11. Bb3 Be6 12. Nd5 Nxd5 13. Bxd5 Bf6 14. f4 Nc4 15.
c3 c6 16. Bxe6 fxe6 17. Nd4 Qb6 18. Kh1 e5 19. Ne6 Rfe8 20. f5 Na5 21. Qe2 Nb3
22. Be3 c5 23. Rad1 Qc6 24. Rd5 Re7 25. Rfd1 Rd7 26. Qh5 Re8 1-0

[Event "41. Open Ciutat de Badalona 2015 - C"]
[Site "Badalona ESP"]
[Date "2015.08.07"]
[Round "6.5"]
[White "Torrubia De Nova, Guillermo"]
[Black "Serentill Tost, Eduard"]
[Result "1-0"]
[WhiteElo "1892"]
[BlackElo "1857"]
[PlyCount "53"]
[EventDate "2015.08.02"]
[EventType "swiss"]
[EventRounds "9"]
[EventCountry "ESP"]
[SourceTitle "Ajedrez en Madrid"]
[Source "lmi"]
[SourceDate "2015.08.02"]
[SourceVersion "1"]
[SourceVersionDate "2018.07.18"]
[SourceQuality "1"]

1. Nf3 Nf6 2. g3 g6 3. Bg2 Bg7 4. O-O O-O 5. d4 d5 6. Nbd2 c6 7. c3 Nbd7 8. Re1
Ne8 9. e4 dxe4 10. Nxe4 Nd6 11. Bg5 Nxe4 12. Rxe4 Nf6 13. Re2 h6 14. Bf4 Nd5
15. Bd2 Re8 16. Ne5 Nb6 17. Qc1 g5 18. Qc2 Be6 19. f4 Nc4 20. fxg5 Nxd2 21.
Qxd2 hxg5 22. Qxg5 f6 23. Nxc6 bxc6 24. Qc5 Bd5 25. Rae1 Kf7 26. Bh3 Qd6 27.
Rxe7+ 1-0

[Event "41. Open Ciutat de Badalona 2015 - C"]
[Site "Badalona ESP"]
[Date "2015.08.07"]
[Round "6.7"]
[White "Lozano Ruiz, David"]
[Black "Fungueiriño Pique, Daniel"]
[Result "1-0"]
[WhiteElo "1812"]
[BlackElo "1808"]
[PlyCount "63"]
[EventDate "2015.08.02"]
[EventType "swiss"]
[EventRounds "9"]
[EventCountry "ESP"]
[SourceTitle "Ajedrez en Madrid"]
[Source "lmi"]
[SourceDate "2015.08.02"]
[SourceVersion "1"]
[SourceVersionDate "2018.07.18"]
[SourceQuality "1"]

1. e4 e6 2. d4 d5 3. Nc3 Bb4 4. e5 c5 5. a3 Bxc3+ 6. bxc3 c4 7. Qg4 Kf8 8. Nf3
h5 9. Qg3 Nh6 10. Be2 Nf5 11. Qh3 Kg8 12. g4 hxg4 13. Qxg4 Nd7 14. h4 Nf8 15.
Bg5 Qa5 16. Kd2 Nh7 17. Bf4 Kf8 18. Rhg1 Ke8 19. Bg5 Kd7 20. h5 Kc6 21. Qf4 Bd7
22. Nh4 Nxg5 23. Rxg5 Rag8 24. Nxf5 exf5 25. Qg3 Rh7 26. Bf1 Be6 27. Qf3 g6 28.
hxg6 fxg6 29. Bxc4 Rh4 30. Bd3 Rxd4 31. Ke2 Qxc3 32. Bb5+ 1-0

[Event "41. Open Ciutat de Badalona 2015 - C"]
[Site "Badalona ESP"]
[Date "2015.08.07"]
[Round "6.8"]
[White "Gomez Guinovart, Josep Manel"]
[Black "Cassi de la Viuda, Àlex"]
[Result "1/2-1/2"]
[WhiteElo "1872"]
[BlackElo "1748"]
[PlyCount "64"]
[EventDate "2015.08.02"]
[EventType "swiss"]
[EventRounds "9"]
[EventCountry "ESP"]
[SourceTitle "Ajedrez en Madrid"]
[Source "lmi"]
[SourceDate "2015.08.02"]
[SourceVersion "1"]
[SourceVersionDate "2018.07.18"]
[SourceQuality "1"]

1. d4 Nf6 2. c4 e5 3. e3 Bb4+ 4. Bd2 Bxd2+ 5. Nxd2 exd4 6. exd4 O-O 7. Bd3 d6
8. Ne2 Nbd7 9. O-O b6 10. h3 Bb7 11. Nf4 h6 12. Be2 c5 13. dxc5 dxc5 14. Bf3
Bxf3 15. Nxf3 Qc7 16. Ne2 Rad8 17. Qc2 Rfe8 18. Nc3 Ne5 19. Nxe5 Qxe5 20. Rad1
Rxd1 21. Rxd1 g5 22. Qd2 Ne4 23. Nxe4 Qxe4 24. Qc3 Qe2 25. Rd2 Qe1+ 26. Kh2
Qe5+ 27. Qxe5 Rxe5 28. g4 Kg7 29. Kg3 Re7 30. b3 Kh7 31. a4 a5 32. Rd3 Re6
1/2-1/2

[Event "41. Open Ciutat de Badalona 2015 - C"]
[Site "Badalona ESP"]
[Date "2015.08.07"]
[Round "6.9"]
[White "Alonso Gomez, Antonio"]
[Black "Goloubev Goloubeva, Maria"]
[Result "1-0"]
[WhiteElo "1879"]
[BlackElo "1785"]
[PlyCount "153"]
[EventDate "2015.08.02"]
[EventType "swiss"]
[EventRounds "9"]
[EventCountry "ESP"]
[SourceTitle "Ajedrez en Madrid"]
[Source "lmi"]
[SourceDate "2015.08.02"]
[SourceVersion "1"]
[SourceVersionDate "2018.07.18"]
[SourceQuality "1"]

1. e4 e6 2. d4 d5 3. exd5 exd5 4. Nf3 Nf6 5. c3 Bd6 6. Bd3 O-O 7. O-O Re8 8.
Bg5 Be7 9. Bxf6 Bxf6 10. h3 Nc6 11. Nbd2 Be6 12. Qc2 g6 13. Rfe1 Bg7 14. Nb3 b6
15. Re2 Qf6 16. Rae1 Bd7 17. Rxe8+ Rxe8 18. Rxe8+ Bxe8 19. Qe2 Qe7 20. Kf1
Qxe2+ 21. Kxe2 Bd7 22. Nbd2 Ne7 23. Nf1 Bf5 24. Ne3 Bxd3+ 25. Kxd3 f6 26. Ne1
Kf7 27. N1c2 c6 28. b3 Ke6 29. a4 f5 30. Ne1 Bh6 31. Nf3 Kd6 32. Ne5 Ke6 33.
Nc2 Bg7 34. Nf3 Bh6 35. Nb4 Kd6 36. Ne5 Bg7 37. f4 h6 38. Ke3 g5 39. fxg5 hxg5
40. Nf7+ Kd7 41. Nxg5 Bh6 42. h4 Ng6 43. g3 c5 44. Nxd5 Kd6 45. Nf4 Nxf4 46.
gxf4 cxd4+ 47. Kxd4 Bg7+ 48. Kc4 Kc6 49. h5 Bh6 50. b4 a6 51. b5+ axb5+ 52.
axb5+ Kd7 53. Kd5 Bg7 54. c4 Bh6 55. Ke5 Ke7 56. Kxf5 Bg7 57. Kg6 Bd4 58. h6
Kd6 59. Nf7+ Kc5 60. h7 Kxc4 61. h8=Q Bxh8 62. Nxh8 Kxb5 63. f5 Kc6 64. f6 Kd7
65. Kg7 b5 66. f7 b4 67. f8=Q b3 68. Qb4 b2 69. Qxb2 Kc6 70. Qd4 Kb5 71. Qc3
Ka4 72. Qb2 Ka5 73. Kf6 Ka4 74. Ke5 Ka5 75. Kd5 Ka6 76. Kc6 Ka5 77. Qb5# 1-0

[Event "41. Open Ciutat de Badalona 2015 - C"]
[Site "Badalona ESP"]
[Date "2015.08.07"]
[Round "6.10"]
[White "Fasheh Braud, Ivan Wael"]
[Black "Vegara Gallego, Pere"]
[Result "0-1"]
[WhiteElo "1785"]
[BlackElo "1873"]
[PlyCount "90"]
[EventDate "2015.08.02"]
[EventType "swiss"]
[EventRounds "9"]
[EventCountry "ESP"]
[SourceTitle "Ajedrez en Madrid"]
[Source "lmi"]
[SourceDate "2015.08.02"]
[SourceVersion "1"]
[SourceVersionDate "2018.07.18"]
[SourceQuality "1"]

1. e4 e5 2. Nf3 d5 3. d4 dxe4 4. Nxe5 Bd6 5. Bf4 Nf6 6. Be2 O-O 7. O-O Bf5 8.
c3 c6 9. Nd2 Bxe5 10. dxe5 Nd5 11. Bg3 Nd7 12. Nc4 b5 13. Nd6 Bg6 14. Bh5 f5
15. exf6 Qxf6 16. Bxg6 Qxg6 17. Qd2 h5 18. Rae1 h4 19. Bxh4 Qxd6 20. Rxe4 Qg6
21. Rd4 Ne5 22. Bg3 Rae8 23. Rxd5 cxd5 24. Qxd5+ Qe6 25. Qxb5 Nc4 26. h3 Rf5
27. Qb3 a6 28. Qc2 Rd5 29. b3 Nd2 30. Rc1 Qe1+ 31. Rxe1 Rxe1+ 32. Kh2 Nf1+ 33.
Kh1 Ne3+ 34. Kh2 Nxc2 35. h4 Ra1 36. c4 Rf5 37. Kh3 Rxa2 38. Kg4 Rf7 39. Bd6
Rxf2 40. Kg3 Ne1 41. c5 Rxg2+ 42. Kh3 Nf3 43. Bg3 Ng1+ 44. Kg4 Ne2 45. c6 Rxg3+
0-1

[Event "41. Open Ciutat de Badalona 2015 - C"]
[Site "Badalona ESP"]
[Date "2015.08.08"]
[Round "7.1"]
[White "Clanchet Olle, Josep"]
[Black "Romero Funieles, Rafael de Jesus"]
[Result "0-1"]
[WhiteElo "1890"]
[BlackElo "1885"]
[PlyCount "125"]
[EventDate "2015.08.02"]
[EventType "swiss"]
[EventRounds "9"]
[EventCountry "ESP"]
[SourceTitle "Ajedrez en Madrid"]
[Source "lmi"]
[SourceDate "2015.08.02"]
[SourceVersion "1"]
[SourceVersionDate "2018.07.18"]
[SourceQuality "1"]

1. e4 e6 2. d4 c6 3. Nf3 h6 4. Bf4 d6 5. Nc3 Nd7 6. d5 cxd5 7. exd5 e5 8. Bd2
a6 9. Bc4 Ngf6 10. Qe2 Be7 11. O-O b5 12. Bb3 Nb6 13. Be3 Bd7 14. a4 b4 15.
Bxb6 Qxb6 16. Ne4 O-O 17. Nfd2 Nxe4 18. Qxe4 f5 19. Qe3 Qc7 20. Nc4 Rab8 21.
Nxe5 Rbe8 22. Qd3 Bc8 23. Rfe1 f4 24. Ng6 Rf7 25. Nxe7+ Rexe7 26. Rxe7 Qxe7 27.
f3 a5 28. c4 bxc3 29. Qxc3 Rf8 30. Re1 Qa7+ 31. Kh1 Bf5 32. h3 Qf2 33. Bc4 Rf6
34. Re8+ Kh7 35. Bd3 Rg6 36. Qc2 Qxc2 37. Bxc2 Bxc2 38. Ra8 Bxa4 39. Rxa5 Bb3
40. Rb5 Bc4 41. Ra5 Bf1 42. Kg1 Bxg2 43. b4 Bxf3+ 44. Kf2 Be4 45. b5 Rg2+ 46.
Kf1 Rb2 47. Ra4 Bxd5 48. Rxf4 Rxb5 49. h4 Bg8 50. Rd4 d5 51. Kf2 Rc5 52. Kg3
Rc4 53. Rd2 Be6 54. Re2 Re4 55. Rh2 h5 56. Rh1 d4 57. Rh2 Rg4+ 58. Kf3 Bd5+ 59.
Ke2 Rg2+ 60. Rxg2 Bxg2 61. Kd3 Kg6 62. Kxd4 Kf5 63. Ke3 0-1

[Event "41. Open Ciutat de Badalona 2015 - C"]
[Site "Badalona ESP"]
[Date "2015.08.08"]
[Round "7.3"]
[White "Beltran Vidal, Daniel"]
[Black "Torrubia De Nova, Guillermo"]
[Result "0-1"]
[WhiteElo "1863"]
[BlackElo "1892"]
[PlyCount "100"]
[EventDate "2015.08.02"]
[EventType "swiss"]
[EventRounds "9"]
[EventCountry "ESP"]
[SourceTitle "Ajedrez en Madrid"]
[Source "lmi"]
[SourceDate "2015.08.02"]
[SourceVersion "1"]
[SourceVersionDate "2018.07.18"]
[SourceQuality "1"]

1. d4 Nf6 2. Nf3 d5 3. c4 c6 4. Nc3 Bf5 5. e3 h6 6. Bd3 Bxd3 7. Qxd3 e6 8. O-O
Be7 9. cxd5 cxd5 10. Bd2 O-O 11. Rac1 Nc6 12. Qb1 Rc8 13. Rfe1 Qc7 14. Nb5 Qb8
15. h3 a6 16. Nc3 Rc7 17. e4 dxe4 18. Nxe4 Rd7 19. Bc3 Nd5 20. Ne5 Nxe5 21.
dxe5 Nxc3 22. Nxc3 Rfd8 23. Rc2 Bc5 24. Rce2 Bb6 25. Kh1 Rd2 26. Ne4 Rxe2 27.
Rxe2 Qxe5 28. Nc3 Qf6 29. Ne4 Qf5 30. Qe1 Qb5 31. Nc3 Qd7 32. Kh2 Qd6+ 33. g3
Ba5 34. Re3 Qd2 35. Qe2 Qxe2 36. Rxe2 Bxc3 37. bxc3 Rc8 38. Rb2 Rxc3 39. Rxb7
Rc2 40. Rb8+ Kh7 41. Kg2 Rxa2 42. Ra8 a5 43. Ra7 Kg6 44. Kf3 a4 45. h4 Kf6 46.
Ra5 g6 47. Ke3 a3 48. f4 Ra1 49. Kf2 a2 50. g4 Rh1 0-1

[Event "41. Open Ciutat de Badalona 2015 - C"]
[Site "Badalona ESP"]
[Date "2015.08.08"]
[Round "7.4"]
[White "Mc Aleenan, Charles"]
[Black "Robla Carreiras, Xavier"]
[Result "1/2-1/2"]
[WhiteElo "1778"]
[BlackElo "1829"]
[PlyCount "59"]
[EventDate "2015.08.02"]
[EventType "swiss"]
[EventRounds "9"]
[EventCountry "ESP"]
[SourceTitle "Ajedrez en Madrid"]
[Source "lmi"]
[SourceDate "2015.08.02"]
[SourceVersion "1"]
[SourceVersionDate "2018.07.18"]
[SourceQuality "1"]

1. Nf3 c5 2. c4 g6 3. d4 cxd4 4. Nxd4 Bg7 5. g3 e6 6. Bg2 Ne7 7. Nc3 a6 8. O-O
O-O 9. b3 Nbc6 10. Be3 e5 11. Nxc6 dxc6 12. Qxd8 Rxd8 13. Bb6 Rd2 14. Rfd1
Rxd1+ 15. Rxd1 Be6 16. Ne4 Nf5 17. Nc5 Nd4 18. Nxe6 Nxe6 19. Rd7 Rb8 20. e3 Bf8
21. Bh3 Nc5 22. Rd1 e4 23. Bg2 f5 24. Bf1 Kf7 25. Bxc5 Bxc5 26. Rd7+ Be7 27.
Be2 Ke6 28. Rd1 Rd8 29. Kf1 Rxd1+ 30. Bxd1 1/2-1/2

[Event "41. Open Ciutat de Badalona 2015 - C"]
[Site "Badalona ESP"]
[Date "2015.08.08"]
[Round "7.5"]
[White "Vegara Gallego, Pere"]
[Black "Lozano Ruiz, David"]
[Result "0-1"]
[WhiteElo "1873"]
[BlackElo "1812"]
[PlyCount "51"]
[EventDate "2015.08.02"]
[EventType "swiss"]
[EventRounds "9"]
[EventCountry "ESP"]
[SourceTitle "Ajedrez en Madrid"]
[Source "lmi"]
[SourceDate "2015.08.02"]
[SourceVersion "1"]
[SourceVersionDate "2018.07.18"]
[SourceQuality "1"]

1. d4 Nf6 2. Nc3 d6 3. Nf3 g6 4. e4 Bg7 5. Be2 O-O 6. O-O b6 7. Bf4 Bb7 8. Qd3
Nbd7 9. h3 c5 10. d5 a6 11. Rab1 b5 12. a3 c4 13. Qd2 Nc5 14. Qe3 e6 15. e5
Nxd5 16. Nxd5 Bxd5 17. exd6 Ne4 18. a4 Nxd6 19. axb5 Nxb5 20. Rfd1 Qe7 21. Qb6
Qa7 22. Qa5 Nd4 23. Nxd4 Bxd4 24. Rxd4 Qxd4 25. Be3 Qe4 26. Qd2 0-1

[Event "41. Open Ciutat de Badalona 2015 - C"]
[Site "Badalona ESP"]
[Date "2015.08.08"]
[Round "7.6"]
[White "Lahoz Bonaventura, Jordi"]
[Black "Alonso Gomez, Antonio"]
[Result "0-1"]
[WhiteElo "1723"]
[BlackElo "1879"]
[PlyCount "86"]
[EventDate "2015.08.02"]
[EventType "swiss"]
[EventRounds "9"]
[EventCountry "ESP"]
[SourceTitle "Ajedrez en Madrid"]
[Source "lmi"]
[SourceDate "2015.08.02"]
[SourceVersion "1"]
[SourceVersionDate "2018.07.18"]
[SourceQuality "1"]

1. e4 c5 2. Nf3 d6 3. d4 cxd4 4. Nxd4 Nf6 5. Nc3 a6 6. Be2 e5 7. Nb3 Be6 8. Bg5
Be7 9. Qd2 Nbd7 10. h4 b5 11. Nd5 Bxd5 12. exd5 Qc7 13. Bd3 Nc5 14. Nxc5 Qxc5
15. Be3 Qxd5 16. f3 e4 17. Bxe4 Qxd2+ 18. Bxd2 Nxe4 19. fxe4 Bf6 20. O-O-O Be5
21. Rh3 Ke7 22. g4 Rac8 23. Ra3 Rc6 24. Rf3 Rhc8 25. c3 b4 26. Kc2 Rc4 27. Rdf1
f6 28. g5 Rxe4 29. gxf6+ gxf6 30. Bf4 Bxf4 31. Rxf4 Rxf4 32. Rxf4 bxc3 33. bxc3
Kf7 34. Kd3 Kg6 35. Rd4 Rc6 36. c4 f5 37. Ke3 Kf6 38. Kf4 h6 39. Ke3 Ke6 40.
Kd3 Rc5 41. Kc3 Re5 42. Kd3 Re1 43. Kd2 Ra1 0-1

[Event "41. Open Ciutat de Badalona 2015 - C"]
[Site "Badalona ESP"]
[Date "2015.08.08"]
[Round "7.7"]
[White "Ramon Herraez, Alex"]
[Black "Maza Navarro, Llorens"]
[Result "1/2-1/2"]
[WhiteElo "1830"]
[BlackElo "1799"]
[PlyCount "39"]
[EventDate "2015.08.02"]
[EventType "swiss"]
[EventRounds "9"]
[EventCountry "ESP"]
[SourceTitle "Ajedrez en Madrid"]
[Source "lmi"]
[SourceDate "2015.08.02"]
[SourceVersion "1"]
[SourceVersionDate "2018.07.18"]
[SourceQuality "1"]

1. d4 Nf6 2. Nf3 d6 3. Bf4 Nbd7 4. e3 b6 5. Be2 g6 6. h3 Bg7 7. O-O O-O 8. c3
Bb7 9. Nbd2 c5 10. dxc5 Nxc5 11. Nb3 Nxb3 12. Qxb3 Bd5 13. Qd1 Qc7 14. a3 Bc4
15. Bxc4 Qxc4 16. Rc1 Ne4 17. Nd2 Nxd2 18. Qxd2 Qe6 19. Rfd1 Rfc8 20. Qd5
1/2-1/2